| 000 | 00494nmm a22001817a 4500 | ||
|---|---|---|---|
| 005 | 20170215120219.0 | ||
| 008 | 150618b xxu||||| |||| 00| 0 spa d | ||
| 041 | _aspa | ||
| 082 | _aDE 138 | ||
| 100 |
_aBerrocal Redondo, Ever _934168 |
||
| 245 | _aInforme de Práctica Supervisada en el Banco Crédito Agrícola de Cartago | ||
| 260 | _c2015 | ||
| 650 |
_aCOSTA RICA _940393 |
||
| 650 |
_aADMINISTRACIÓN DE EMPRESAS _9521 |
||
| 650 |
_aCRÉDITO _975 |
||
| 650 |
_aFODA _9954 |
||
| 942 | _cIP | ||
| 999 |
_c8672 _d8672 |
||